| 000 | 00733nam a2200253 a 4500 | ||
|---|---|---|---|
| 001 | BRCA_5433 | ||
| 005 | 20190320205057.0 | ||
| 008 | 131210s1949----au-a######---#000-0#ger-# | ||
| 041 | _ager | ||
| 044 | _aau | ||
| 050 | 4 |
_aND588 _b.N68 1949 |
|
| 100 | 1 |
_aNovotny, Fritz _913871 |
|
| 245 | 1 | 0 |
_aWilhelm Busch _bals zeichner und maler _cFritz zeichner und maler. |
| 260 |
_aVien, Austria _bAnton Schroll _c1949 |
||
| 300 |
_a103 p. _bil. (algunas a color) _c25 cm. |
||
| 440 | 0 |
_aSammlung Schroll _913824 |
|
| 500 | _aIncluye índice de ilustraciones | ||
| 500 | _aE149 | ||
| 504 | _aBibliografía: p. 98 | ||
| 600 | 1 | 4 |
_aBusch, Wilhelm _d1832-1908 _913872 |
| 650 | 1 | 4 |
_aPinturas alemanas _910386 |
| 902 | _aGFM | ||
| 942 |
_2lcc _cB |
||
| 999 |
_c5127 _d5127 |
||